| 000 | 01133 a2200217 4500 | ||
|---|---|---|---|
| 005 | 20080909121320.0 | ||
| 008 | 080909t xxu||||| |||| 00| 0 hin d | ||
| 010 | _aHIN-80281 | ||
| 020 |
_a8189394037 _c100.00 |
||
| 035 | _aHN-52627 | ||
| 037 | _bD.B.Act / pub | ||
| 082 | _a910.7 | ||
| 100 | _aटी. वात्स्यायन | ||
| 245 |
_aभूगोल-शिक्षण की आधुनिक विधियाँ _cवात्स्यायन टी. |
||
| 246 |
_aBhoogol -shikshan kee aadhunik vidhiyan _bBy T. Vatsyayan |
||
| 260 |
_aदिल्ली _bलोक शिक्षा मंच _c2006 |
||
| 270 |
_a1/11052-ए, सुभाष पार्क, शाहदरा _bदिल्ली _e110032 |
||
| 300 |
_a92पृ _c22 सेमी(सजिल्द) |
||
| 942 |
_adpl _cHN _k910.7 / टीवात्स्या _2ddc _h910.7 _mटीवात्स्या |
||
| 999 |
_c5380 _d5380 |
||